banner koha

Atividade microbiana em solos sob doses de lodo de estação de tratamento de efluentes de um aterro industrial (Registro n. 299706)

MARC details
000 -LÍDER
fixed length control field 03449nab a2200313 i 4500
003 - CÓDIGO MARC DA AGÊNCIA CATALOGADORA
Campo de controle BR-BrBNA
005 - DATA E HORA DA ÚLTIMA ATUALIZAÇÃO
Campo de controle 20240521153750.0
008 - CAMPO DE TAMANHO FIXO
fixed length control field 240521b2016 bl.mr|pooa||| 00| 0 por |
040 ## - FONTE DA CATALOGAÇÃO
Agência catalogadora BR-BrBNA
Idioma da catalogação por
072 ## - CATEGORIA AGRIS
Código AGRIS P34
072 ## - CATEGORIA AGRIS
Código AGRIS T01
072 ## - CATEGORIA AGRIS
Código AGRIS P33
100 ## - ENTRADA PRINCIPAL - NOME PESSOAL
Nome pessoal Andrade, Leonardo Capeleto de
100 ## - ENTRADA PRINCIPAL - NOME PESSOAL
Nome pessoal Andreazza, Robson
100 ## - ENTRADA PRINCIPAL - NOME PESSOAL
Nome pessoal Camargo, Flávio Anastácio de Oliveira
245 ## - TÍTULO PRINCIPAL
Título principal Atividade microbiana em solos sob doses de lodo de estação de tratamento de efluentes de um aterro industrial
500 ## - NOTA GERAL
Nota geral Publicação on-line; 30 ref.; 2 illus; Sumaries ( Pt, En)
942 ## - ADDED ENTRY ELEMENTS (KOHA)
Koha item type
520 ## - NOTA DE RESUMO
Nota de conteúdo <br/>RESUMO - A destinação final adequada dos resíduos sólidos industriais é um dos principais problemas ambientais. A disposição de resíduos orgânicos em solos pode ser recomendada, dado o potencial corretivo e fertilizante deste. Assim, o objetivo deste estudo foi avaliar o efeito em solos da adição de doses de lodo de estação de tratamento de efluentes (ETE) de um aterro industrial na atividade microbiana, avaliada pela mineralização de carbono. Foi desenvolvido experimento em frascos respirométricos, analisando a mineralização de carbono em três solos, com cinco doses de lodo durante 91 dias de incubação. A aplicação de lodo com 2Mg ha-1 causou menores impactos à microbiota do solo, não apresentando diferenças em relação ao tratamento controle. Os valores de carbono mineralizado aumentaram com o tempo de incubação em função da adição do lodo, proporcionalmente ao aumento das doses de lodo. A atividade microbiana aumentou com a aplicação de doses de lodo de ETE de aterro industrial, sendo a mineralização de carbono proporcional às doses adicionadas.<br/><br/>Palavras-chave: biodegradação, tratamento de resíduos, mineralização de carbono, lodos de ETE.
520 ## - NOTA DE RESUMO
Nota de conteúdo <br/>ABSTRACT - The final disposal of industrial solid waste is a major environmental problem. Disposal of organic wastes in soils can be recommended as corrective and fertilizer. The objective of this study was to evaluate the effect of different doses of wastewater treatment plant sludge (WWTP) from an industrial landfill on soils based in microbial activity measured by carbon mineralization. The experiment was developed in respirometric flasks, analyzing carbon mineralization in three soils with five doses of sludge during 91 days of incubation. Application of sewage sludge with 2 Mg ha-1 caused minor impacts on soil microorganisms, without statistical differences to the control treatment. Amounts of mineralized carbon increased with the time course due to the addition of sludge, proportional to the doses of sludge. Microbial activity increased with the application of WWTP sludge doses of industrial landfill, with mineralization proportional to the increase in carbon added doses.<br/><br/>Key words: biodegradation, waste treatment, carbon mineralization, WWTP sludge.
650 ## - ASSUNTO - THESAGRO
Cabeçalho tópico ou nome geográfico ANÁLISE DO SOLO
650 ## - ASSUNTO - THESAGRO
Cabeçalho tópico ou nome geográfico RESÍDUO ORGÂNICO
650 ## - ASSUNTO - THESAGRO
Cabeçalho tópico ou nome geográfico MEIO AMBIENTE
650 ## - ASSUNTO - THESAGRO
Cabeçalho tópico ou nome geográfico MICROBIOLOGIA DO SOLO
650 ## - ASSUNTO - THESAGRO
Cabeçalho tópico ou nome geográfico BIODEGRADAÇÃO
773 0# - ENTRADA ANALÍTICA
Host Biblionumber 2408
Registro do item 314896
Imprenta Santa Maria-RS Universidade Federal de Santa Maria - Centro de Ciências Rurais 1991
Outro identificador 2024-1147
Título Ciência Rural (Brazil)
ISSN 0103-8478
Colação v. 46(2) p. 267-272; (2016)
Número de controle de registro BR2024000968
856 ## - ACESSO E ENDEREÇO ELETRÔNICO
Identificador uniforme de recurso - URI https://www.scielo.br/j/cr/a/zFG8mx94yZLtLf5w7wYvqfz/?format=pdf&lang=pt

Nenhum exemplar disponível.

BINAGRI

Telefone: (61)3218-2567/2388/3357/2097 - binagri@agro.gov.br

Ministério da Agricultura e Pecuária , Esplanada dos Ministérios, Bloco D, Anexo B, Brasília/DF, CEP: 70.043-900